LEADER 01618nam a2200361 a 4500 001 000000125259 003 CaOOAMICUS 005 20110511110754.0 008 110511s2010 it 000 0 ita r 020 $a978-88-498-2724-8 040 $aPUL$bita 082 04$a271 245 00$aAspetti e problemi della storia dell'Ordine di San Camillo /$ca cura di Andrea Ciampani e Carlo M. Fiorentino. 260 $aSoveria Mannelli :$bRubbettino,$cİ2010. 300 $a206 p. ;$c24 cm 490 1 $aCollana di Storia dell'Ordine di San Camillo 500 $aInclude indice. 504 $aBibliografia in nota. 600 04$aCamillus de Lellis,$cs.,$d1550-1614.$0(OLS)http://pul/subject/4145 650 4$aOrdini religiosi$zItalia$xStoria.$0(OLS)http://pul/subject/26704 700 1 $aCiampani, Andrea.$0(OLS)http://pul/name/60650 700 1 $aFiorentino, Carlo M.$0(OLS)http://pul/name/79269 830 0$aCollana di Storia dell'Ordine di San Camillo.$0(OLS)http://pul/title/157926 850 $aPUL 852 $aPUL$W1$xDP2 Religione 3$y114$m271 CIAAN 1$j144235$qDDC 21$B143264$CPULBib$Z2$F143264 $H116506 $82 941 1 $a9 960 $aCamillo de Lellis,$cs.,$d1550-1614? $94145 960 $aDe Lellis, Camillo,$cM.I.,$d1550-1614? $94145 996 $6020$a978-88-498-2724-8$9(OLS)http://pul/number/147117 996 $6082$a271$9(OLS)http://pul/classification/284 996 $6245$aAspetti e problemi della storia dell'Ordine di San Camillo$9(OLS)http://pul/title/157925 996 $6260$aSoveria Mannelli :$bRubbettino$9(OLS)http://pul/publisher/51639 LEADER 01321nam a2200289 u 4500 001 000000092629 003 CaOOAMICUS 005 20070226124947.0 008 060712s2006 it u000 u ita u 020 $a8821306135 035 $a11095546 040 $aPUL$bita 100 1 $aOttone, Enrica.$0(OLS)http://pul/name/59729 245 10$aDiritto all'educazione e processi educativi scolastici :$bun percorso di ricerca-azione in una scuola secondaria di secondo grado /$cEnrica Ottone. 260 $aRoma :$bLAS,$cc2006. 300 $a336 p. ;$c22 cm 490 1 $aIl prisma ;$v31 504 $aBibliografia: p. [297]-315. 650 4$aEducazione$xPersona.$0(OLS)http://pul/subject/29892 650 4$aEducazione$xDiritto.$0(OLS)http://pul/subject/28611 830 3$aIl prisma ;$v31.$0(OLS)http://pul/title/20363 850 $aPUL 852 $aPUL$W1$xSL Diritto e Scienze Sociali 3$y79$m344. 45 OTTEN 1$j116480$nBK-PRI$b $qDDC 21$B116480$CPULBib$Z2$F116480 $HPUL101920 $81 941 1 $a9 996 $6020$a8821306135$9(OLS)http://pul/number/121767 996 $6245$aDiritto all'educazione e processi educativi scolastici :$bun percorso di ricerca-azione in una scuola secondaria di secondo grado$9(OLS)http://pul/title/119534 996 $6260$aRoma :$bLAS$9(OLS)http://pul/publisher/48069